| 000 | 00889nam a22002535a 4500 | ||
|---|---|---|---|
| 003 | OSt | ||
| 005 | 20150826154608.0 | ||
| 008 | 100721s2007 le|||||frb|| 000 0 aradd | ||
| 020 | _a9953476888 | ||
| 040 |
_aEG-ScBUE _bara _cEG-ScBUE |
||
| 082 | 0 | 4 |
_a297.814 _bا ل ق _222 |
| 100 | 1 |
_aالقصيمي، عبدالله _916398 |
|
| 245 | 1 | 0 |
_aالفصل الحاسم بين الوهابيين ومخالفيهم / _cعبد الله القصيمي |
| 250 | _aط2 | ||
| 260 |
_aبيروت: _bمؤسسة الانتشار العربي، _c2007. |
||
| 300 |
_a(ترقيم متعدد) _c24سم |
||
| 504 | _aيشتمل على ببليوجرافية | ||
| 541 |
_aألف باء ؛ _cشراء ؛ |
||
| 590 | _adoaa mohamed | ||
| 650 |
_aالوهابية (دعوة اسلامية) _916630 _2BUEsh |
||
| 651 | _2BUEsh | ||
| 653 |
_bARALIT _cAugust2015 |
||
| 942 |
_cBB _k297.814 ا ل ق _2ddc |
||
| 999 |
_c6017 _d6017 |
||